Οι σκοποί της εκπαίδευσης
Saved in:
| Other Authors: | , |
|---|---|
| Format: | Book |
| Language: | Greek |
| Published: |
Αθήνα :
Μεταίχμιο,
2003
|
| Series: | Επιστήμες της αγωγής
|
| Subjects: | |
| Tags: |
Add Tag
No Tags, Be the first to tag this record!
|
MARC
| LEADER | 00000nam a2200000 i 4500 | ||
|---|---|---|---|
| 001 | 1/40735 | ||
| 008 | 070207s2003 gre d | ||
| 020 | |a 960-375-281-9 | ||
| 035 | |l 10086905 | ||
| 040 | |a GR-MY-UA |b gre |e aacr | ||
| 041 | 0 | |a gre | |
| 082 | 0 | |a 370.1 |2 (22) | |
| 245 | 1 | 3 | |a Οι σκοποί της εκπαίδευσης / |c επιμέλεια Roger Marples ; μετάφραση Παναγιώτα Σ. Χατζηπαντελή |
| 260 | |a Αθήνα : |b Μεταίχμιο, |c 2003 | ||
| 300 | |a xvi, 344 σ.; |c 21 εκ. | ||
| 490 | 1 | |a Επιστήμες της αγωγής | |
| 504 | |a Περιλαμβάνει βιβλιογραφίες | ||
| 650 | 0 | 0 | |a Education |x Philosophy. |
| 650 | 0 | 0 | |a Education |x Aims and objectives. |
| 700 | 1 | |a Marples, Roger. |4 edt | |
| 700 | 1 | |a Χατζηπαντελή, Παναγιώτα Σ. |4 trl | |
| 830 | 0 | |a Επιστήμες της αγωγής | |
| 852 | |a INST |b RHODES |e 20070207 |h 370.1 ΣΚΟ |p 005400026989 |q 005400026989 |t BK |y 0 | ||
| 901 | |a BIBL4-2007-1 | ||
| 909 | |a Ρ |b 131959 | ||
| 920 | |a ΑΝΑΜΟΡΦΩΣΗ |b ΕΠΕΑΕΚ ΙΙ-ΠΤΔΕ |y ΡΟΔΟΣ |z 2006-12 | ||
| 970 | |a ΜΙΣΣΟΣ |b ΣΤΑΥΡΟΣ |z 2007/02/07 | ||